Welcome to the Holygrace Academy Library

Please use search bar below to get started

FUN AND FUNDAMENTALS OF MATHEMATICS (Record no. 1344)

MARC details
000 -LEADER
fixed length control field 00453nam a22001697a 4500
020 ## - INTERNATIONAL STANDARD BOOK NUMBER
ISBN /8173713987
082 ## - DEWEY DECIMAL CLASSIFICATION NUMBER
Classification number 510
Item number NAR/F
100 ## - MAIN ENTRY--AUTHOR NAME
Personal name NARLIKAR, JAYANT V
100 ## - MAIN ENTRY--AUTHOR NAME
Personal name NARLIKAR, MANGALA
245 ## - TITLE STATEMENT
Title FUN AND FUNDAMENTALS OF MATHEMATICS
Remainder of title MATHEMATICS
246 ## - VARYING FORM OF TITLE
Title proper/short title FUN AND FUNDAMENTALS OF MATHEMATICS
Remainder of title MATHEMATICS
260 ## - PUBLICATION, DISTRIBUTION, ETC. (IMPRINT)
Place of publication HYDERABAD
Name of publisher UNIVERSITIES PRESS
Year of publication 2001
300 ## - PHYSICAL DESCRIPTION
Number of Pages 194
520 ## - SUMMARY, ETC.
Summary, etc MATHEMATICS
650 ## - SUBJECT ADDED ENTRY--TOPICAL TERM
Topical Term MATHEMTICS
942 ## - ADDED ENTRY ELEMENTS (KOHA)
Koha item type Books
Holdings
Withdrawn status Lost status Collection code Home library Current library Shelving location Date acquired Source of acquisition Cost, normal purchase price Full call number Accession Number Koha item type
    Reference Main Library Main Library SHELF-5 B REFERENCE MATHS 23/10/2006 Purchase 70.00 510 NAR/F 03354 Books